000 00791nam a2200241 i 4500
001 109083
003 ES-MaACL
005 20251118143204.0
007 t|
008 061121s1916 sp a |||| | spa d
100 1 _aMiró, Gabriel.
_981602
245 1 0 _aFiguras de la Pasión del Señor /
_cGabriel Miró.
260 _aBarcelona :
_bE. Domenech,
_c1916.
300 _a2 v. (231, 314 p.) :
_bil. ;
_c17 x 11 cm.
490 1 _aEstampas viejas
530 _aDisponible en formato digital.
600 0 4 _aJesucristo-
_xPasión-
_vObras literarias.
_9170546
830 0 _aEstampas viejas
_9232965
852 _aES-MaACL
_jF-3028-29
_cDEPO2
856 4 _uhttp://bdh-rd.bne.es/viewer.vm?id=0000191425&page=1
_y(Biblioteca Digital Hispánica)
942 _2udc
999 _c109083
_d109083